| 000 | 00598nam a2200229Ia 4500 | ||
|---|---|---|---|
| 003 | OSt | ||
| 005 | 20221007080040.0 | ||
| 006 | a|||||r|||| 00| 0 | ||
| 007 | ta | ||
| 008 | 221006b |||||||| |||| 00| 0 eng d | ||
| 024 | _a12,074 | ||
| 037 | _cTextual | ||
| 040 |
_aFLL _cFLL _beng |
||
| 041 |
_2eng _aeng |
||
| 082 | _aV2:27:N7, L3 | ||
| 100 |
_aHegde K.S. Au. _9693834 |
||
| 245 | 0 | _aCrisis in Indian judiciary | |
| 260 |
_aNew Delhi _bSindhu pub. India _c1973 |
||
| 300 |
_a93p _ccm. |
||
| 942 |
_hV2:27:N7, L3 _cTEXL _2CC |
||
| 999 |
_c1158211 _d1158211 |
||